02759nam a22002177a 4500003000400000005001700004008004100021082001600062100002100078245006800099250001800167260006000185300047100245490002700716520148300743650011102226700002102337942001602358952015202374999001502526OSt20260406085604.0260406b |||||||| |||| 00| 0 esp d 2 9586771180 aZamora Editores. a"Biblioteca Práctica de Consulta del Nuevo Milenio: Volumen 4 a4ta edición aBogotá, Colombia.b Zamora Editores Ltdac2000 - 2001 a268 páginasb 350 a 450 gramosc21 x 14 cmeMuchas de las versiones del "Nuevo Milenio" venían acompañadas de un disco multimedia con ejercicios de autoevaluación, gráficos animados y buscadores digitales de términos para complementar los temas de Química y Lengua Española. Guías de Autoevaluación: Algunos ejemplares incluyen secciones de cuestionarios al final de cada capítulo para reforzar el aprendizaje autodidacta. Ilustraciones a color 3plastificado brillante aEste Volumen 4 de la Biblioteca Práctica de Consulta del Nuevo Milenio es un texto híbrido diseñado como herramienta de apoyo escolar para estudiantes de secundaria y bachillerato. Su contenido se divide en dos grandes ejes temáticos independientes: 1. Química (General y Orgánica) El libro presenta la química desde sus conceptos más básicos hasta estructuras complejas. Fundamentos: Explica la estructura del átomo, la tabla periódica y los enlaces químicos. Reacciones: Detalla cómo interactúan los elementos, la estequiometría y el equilibrio químico. Química del Carbono: Introduce la química orgánica, cubriendo hidrocarburos, grupos funcionales y la importancia de las moléculas en la vida cotidiana. Enfoque: Utiliza un lenguaje directo con abundantes modelos moleculares y diagramas para facilitar la comprensión de fórmulas. 2. Lengua Española Esta sección funciona como una guía integral para el dominio del idioma, dividida en: Gramática y Ortografía: Reglas de acentuación, puntuación y el uso correcto de las categorías gramaticales (sustantivos, verbos, etc.). Comunicación Humana: Analiza el proceso de comunicación, los elementos del mensaje y las barreras que lo dificultan. Comunicación Oral: Técnicas para mejorar la expresión en público, debates y la oratoria. Enfoque: Incluye ejercicios prácticos y ejemplos de aplicación para corregir errores comunes en la escritura y el habla. aQuímica.x Problemas, ejercicios, etc. / Química orgánica.yAspectos sociales / Comunicación oral. aZamora Editores. 2ddccBKAn0 00102ddc40708F02aISUSbISUScBiblioteca Abiertad2026-04-06eLECTURAf0464i0464l0o0464pBIBLIO0464r2026-04-06 08:55:05t1w2026-04-06yBKA c2040d2040